000 00541nam a2200169 a 4500
005 20140412111338.0
008 031007s19uu xx 00 eng d
020 _a0-590-96374-0
050 _aTR(GS 372.72
_bM616 1996
100 _aMiller, Marcia K.
245 _aQuick-and-easy learning games /
_cby Marcia K. Miller.
260 _aJefferson City, MO :
_bScholastic Professional Books,
_c1996.
300 _a48 p. ; ill.
650 _aMath--Study and teaching
650 _aMathematics activities--Juvenile literature
999 _c105073
_d105073